00932nam a2200277Ia 450000500170000000800410001702000180005810000350007624500800011125000190019130000250021049000090023553400240024458600370026865000390030565000430034465000340038765000380042170000310045926400300049033600270052033700330054733800280058004000350060808400110064320220317001500.0161108s1991 s g 000 f s  a97884838354561 aGordimer, Nadine, 1923-d1923-13aEl conservadorcNadine Gordimer ; traducción de Manuel Sáenz de Heredia a2a. edición a329 páginasc19 cm aMaxi tThe conservationist aPremio Nobel de literatura, 1991142LEMBaNovela sudafricanaySiglo XX142LEMBaLiteratura sudafricanaySiglo XX142LEMBaPoder en la literatura142LEMBaCrímenes en la literatura1 aSáenz de Heredia, Manuel aBarcelonabTusquetsc1991 atextobtxt2rdacontent asin mediaciónbn2rdamedia avolumenbnc2rdacarrier aCO-BoRNBPbspaerdacCO-BoRNBP aN GOR4